| 000 | 00798nam a22001817a 4500 | ||
|---|---|---|---|
| 005 | 20231108151408.0 | ||
| 010 | _aHIN-126181 | ||
| 020 |
_a978938256118 _c300.00 |
||
| 035 | _aHN-98527 | ||
| 037 | _bDBAD/PUB | ||
| 082 | _a321.54 | ||
| 100 |
_aसैनी, मोहनलाल _958387 |
||
| 245 |
_a ज्योतिराव फुले का सामाजिक एवं राजनितिक दर्शन एक अनुशीलन / _c मोहनलाल सैनी |
||
| 260 |
_aजयपुर _bआयुष पब्लिकेशन _c2021 |
||
| 270 |
_a36/64 किरण पथ मानसरोवर _bजयपुर |
||
| 300 |
_a192 पृष्ठ _c23 (सजिल्द) |
||
| 942 |
_cHN _h321.54 _2ddc _mसैनीमो |
||
| 999 |
_c198862 _d198862 |
||